| 000 | 00747nam a2200241 a 4500 | ||
|---|---|---|---|
| 008 | 150513r20132011ii de frb 001 0 eng d | ||
| 020 | _a9788126530908 | ||
| 040 |
_aEG-ScBUE _beng |
||
| 082 | 0 | 4 |
_a620.3 _bNAG _222 |
| 100 | 1 |
_aNag, Debabrata. _938020 |
|
| 245 | 1 | 0 |
_aMechanical vibrations / _cDebabrata Nag. |
| 260 |
_aNew Delhi : _bWiley India Pvt. Ltd., _c2013. |
||
| 300 |
_axiii, 658 p. : _bchart, plans ; _c24 cm. |
||
| 500 | _aIndex : p. 655-658. | ||
| 500 | _aReprint of the 2011 ed. | ||
| 504 | _aBibliography : p. 649-650. | ||
| 650 | 7 |
_aVibration. _2BUEsh _938021 |
|
| 650 | 7 |
_aDamping (Mechanics) _2BUEsh _912082 |
|
| 651 | _2BUEsh | ||
| 653 |
_bENGGEN _bENGMEC _cMay2015 |
||
| 655 |
_vreading book _934232 |
||
| 942 |
_2ddc _k620.3 NAG |
||
| 999 |
_c19349 _d19321 |
||